Sports Quiz

Random Sports or NFL Quiz

NFL Head Coaches Quiz Stats

 Plays Quiz Updated Feb 4, 2021

Support Sporcle.
Go Orange.
Score 0/32 Timer 07:00
7 Plays Today
Team Coach % Correct
Pittsburgh SteelersMike Tomlin
82.5%
Chicago BearsMatt Nagy
81%
Dallas CowboysMike McCarthy
80.8%
Philadelphia EaglesNick Sirianni
79.1%
Atlanta FalconsArthur Smith
77.6%
New England PatriotsBill Belichick
76.6%
New Orleans SaintsSean Payton
76.5%
Baltimore RavensJohn Harbaugh
75.5%
New York JetsRobert Saleh
74.7%
Seattle SeahawksPete Carroll
73.7%
San Francisco 49ersKyle Shanahan
73.5%
New York GiantsJoe Judge
73.4%
Washington Football TeamRon Rivera
72.9%
Carolina PanthersMatt Rhule
71.7%
Cincinnati BengalsZac Taylor
68.6%
Tennessee TitansMike Vrabel
66.4%
Team Coach % Correct
Cleveland BrownsKevin Stefanski
65.7%
Denver BroncosVic Fangio
64.9%
Kansas City ChiefsAndy Reid
64.2%
Jacksonville JaguarsUrban Meyer
64.1%
Minnesota VikingsMike Zimmer
64%
Green Bay PackersMatt LaFleur
63.6%
Las Vegas RaidersJon Gruden
63.5%
Arizona CardinalsKliff Kingsbury
63.3%
Los Angeles ChargersBrandon Staley
62.8%
Miami DolphinsBrian Flores
57.7%
Indianapolis ColtsFrank Reich
57.6%
Houston TexansDavid Culley
56.7%
Tampa Bay BuccaneersBruce Arians
55.6%
Los Angeles RamsSean McVay
54.8%
Buffalo BillsSean McDermott
53.7%
Detroit LionsDan Campbell
51.3%

You're not logged in!

Compare scores with friends on all Sporcle quizzes.
OR
Log In

From the Vault

Classical Music Terms (A-Z)

by gnatural

When we play a quiz about music, we like to stick to the 'classics'.
Remove Ads.
Support Sporcle.
Get the best of Sporcle when you Go Orange. This ad-free experience offers more features, more stats, and more fun while also helping to support Sporcle. Thank you for becoming a member.

Show Comments

Extras

Top Quizzes Today


Score Distribution

Your Account Isn't Verified!

In order to create a playlist on Sporcle, you need to verify the email address you used during registration. Go to your Sporcle Settings to finish the process.

Report this User

Report this user for behavior that violates our Community Guidelines.

Details: